Emergence : Morphogenetic Design Strategies /

Emergence is an important new concept in artificial intelligence, information theory, digital technology, economics, climate studies, material science and biometric engineering. It is a development which is set to inform not only the construction of buildings, but also the composition of new materia...

Full description

Bibliographic Details
Main Authors: Hensel, Michael (Author), Menges, Achim (Author), Weinstock, Michael (Author)
Corporate Author: Safari, an O'Reilly Media Company
Format: eBook
Language:English
Published: Wiley, 2004.
Edition:1st edition.
Subjects:
Online Access:Connect to this electronic resource

MARC

Tag First Indicator Second Indicator Subfields
LEADER 00000uam a2200000 a 4500
001 in00004125708
005 20260122212500.5
006 m o d
007 cr cn
008 060715s2004 xx o eng
020 |z 9780470866887 
020 |z 0470866888 
035 |a (CaSebORM)9780470866887 
040 |d UtOrBLW 
041 0 |a eng 
100 1 |a Hensel, Michael,  |e author.  |0 http://id.loc.gov/authorities/names/n2011052068 
245 1 0 |a Emergence :  |b Morphogenetic Design Strategies /  |c Hensel, Michael. 
250 |a 1st edition. 
264 1 |b Wiley,  |c 2004. 
300 |a 1 online resource (128 pages) 
336 |a text  |b txt  |2 rdacontent 
337 |a computer  |b c  |2 rdamedia 
338 |a online resource  |b cr  |2 rdacarrier 
347 |a text file 
520 |a Emergence is an important new concept in artificial intelligence, information theory, digital technology, economics, climate studies, material science and biometric engineering. It is a development which is set to inform not only the construction of buildings, but also the composition of new materials. As a new science, coupled with material and technological innovations, it is set to enter architecture into a new phase of transition. This book presents an account of related developments in artificial intelligence and evolutionary computation, and shows how these developments are being incorporated into new architectures. This book marks the introduction of a new topic in design Includes high quality CAD images Accompanies a travelling exhibition, showing in Oslo and Copenhagen Includes interviews with Frei Otto and a review of the Advanced Geometry Group at Ove Arup and Partners 
533 |a Electronic reproduction.  |b Boston, MA :  |c Safari,  |n Available via World Wide Web.  |d 2004. 
538 |a Mode of access: World Wide Web. 
542 |f Copyright © Wiley  |g 2004 
588 |a Online resource; Title from title page (viewed July 2, 2004) 
500 |a Electronic resource. 
655 7 |a Electronic books.  |2 local 
700 1 |a Menges, Achim,  |e author.  |0 http://id.loc.gov/authorities/names/nb2004301375 
700 1 |a Weinstock, Michael,  |e author.  |0 http://id.loc.gov/authorities/names/nb99017349 
710 2 |a Safari, an O'Reilly Media Company. 
856 4 0 |u https://proxy.library.tamu.edu/login?url=https://go.oreilly.com/TAMU/library/view/-/9780470866887/?ar  |z Connect to this electronic resource  |t 0 
999 f f |s 4fb214d0-a7a1-3440-9e12-79eb528336f2  |i 26df4d4f-45d6-3277-ac40-7adf737c0be1  |t 0 
952 f f |a Texas A&M University  |b College Station  |c Electronic Resources  |s www_evans  |d Available Online  |t 0  |h No information provided 
998 f f |t 0  |l Available Online